WWE Champions by Year - 2002 - Statistics

General Stats
  • This quiz has been taken 262 times
  • The average score is 125 of 210
Answer Stats
Title Date Event Wrestler % Correct
Undisputed WWE March 17 WrestleMania X8 Triple H
100%
World Heavyweight September 2 Raw Triple H
100%
World Heavyweight December 15 Armageddon Triple H
100%
Intercontinental October 20 No Mercy Triple H
100%
WWE Championship December 15 Armageddon Kurt Angle
94%
WWE Tag Team October 20 No Mercy Kurt Angle
94%
World Heavyweight November 17 Survivor Series Shawn Michaels
94%
Undisputed WWE May 19 Judgment Day The Undertaker
93%
Tag Team July 4 Smackdown Edge
92%
WWE Tag Team November 7 Smackdown Edge
92%
Undisputed WWE July 21 Vengeance The Rock
92%
Undisputed WWE August 25 SummerSlam Brock Lesnar
91%
Intercontinental April 21 Backlash Eddie Guerrero
90%
WWE Tag Team November 17 Survivor Series Eddie Guerrero
90%
Undisputed WWE April 21 Backlash Hollywood Hulk Hogan
90%
Tag Team July 4 Smackdown Hollywood Hulk Hogan
90%
Hardcore March 17 WrestleMania X8 Christian
89%
World Tag Team July 21 Vengeance Christian
89%
World Tag Team October 14 Raw Christian
89%
Intercontinental September 30 Raw Kane
89%
World Tag Team September 23 Raw Kane
89%
WWE Championship November 17 Survivor Series The Big Show
89%
Hardcore July 12 House show The Big Show
89%
European July 8 Raw Jeff Hardy
88%
Hardcore July 29 Raw Jeff Hardy
88%
WWE Tag Team November 17 Survivor Series Chavo Guerrero
87%
Intercontinental July 29 Raw Chris Benoit
87%
WWE Tag Team October 20 No Mercy Chris Benoit
87%
Intercontinental September 16 Raw Chris Jericho
87%
World Tag Team October 14 Raw Chris Jericho
87%
WWE Tag Team November 7 Smackdown Rey Mysterio
86%
Intercontinental March 17 WrestleMania X8 Rob Van Dam
86%
Intercontinental May 27 Raw Rob Van Dam
86%
Intercontinental August 25 SummerSlam Rob Van Dam
86%
European July 22 Raw Rob Van Dam
86%
Hardcore August 26 Raw Rob Van Dam
86%
Hardcore April 1 Raw Bubba Ray Dudley
83%
Hardcore April 6 House show Bubba Ray Dudley
83%
Hardcore April 7 House show Bubba Ray Dudley
83%
Hardcore April 12 House show Bubba Ray Dudley
83%
Hardcore April 13 House show Bubba Ray Dudley
83%
Hardcore April 14 House show Bubba Ray Dudley
83%
Hardcore April 15 Raw Bubba Ray Dudley
83%
Hardcore April 19 House show Bubba Ray Dudley
83%
Hardcore April 20 House show Bubba Ray Dudley
83%
Hardcore May 6 Raw Bubba Ray Dudley
83%
European April 8 Raw Spike Dudley
83%
Hardcore March 17 WrestleMania X8 Spike Dudley
83%
Hardcore April 12 House show Spike Dudley
83%
Hardcore April 13 House show Spike Dudley
83%
Hardcore April 14 House show Spike Dudley
83%
Hardcore June 22 House show Spike Dudley
83%
Hardcore June 28 House show Spike Dudley
83%
Hardcore June 29 House show Spike Dudley
83%
Hardcore July 12 House show Spike Dudley
83%
Tag Team January 7 Raw Spike Dudley
83%
Women's May 13 Raw Trish Stratus
82%
Women's September 22 Unforgiven Trish Stratus
82%
Hardcore March 17 WrestleMania X8 Mighty Molly
79%
Hardcore May 6 Raw Trish Stratus
79%
Intercontinental January 20 Royal Rumble William Regal
79%
European March 21 Smackdown William Regal
79%
European May 6 Raw William Regal
79%
Hardcore April 6 House show William Regal
79%
Hardcore April 7 House show William Regal
79%
Hardcore April 12 House show William Regal
79%
Hardcore April 13 House show William Regal
79%
Hardcore April 14 House show William Regal
79%
Hardcore May 4 Insurrextion Booker T
76%
Hardcore May 4 Insurrextion Booker T
76%
World Tag Team December 15 Armageddon Booker T
76%
Women's June 23 King of the Ring Molly Holly
76%
Hardcore May 2 House show Crash Holly
75%
Hardcore May 3 House show Crash Holly
75%
Hardcore May 4 Insurrextion Crash Holly
75%
Hardcore May 6 Raw Crash Holly
75%
Hardcore June 30 House show Crash Holly
75%
Hardcore July 6 House show Crash Holly
75%
Hardcore July 7 House show Crash Holly
75%
Hardcore August 19 Raw Crash Holly
75%
Hardcore March 17 WrestleMania X8 The Hurricane
71%
Cruiserweight May 16 Smackdown The Hurricane
71%
World Tag Team September 23 Raw The Hurricane
71%
Tag Team February 21 Smackdown Billy
69%
Tag Team June 6 Smackdown Billy
69%
Hardcore February 28 Smackdown Goldust
65%
Hardcore April 6 House show Goldust
65%
Hardcore April 7 House show Goldust
65%
Hardcore April 12 House show Goldust
65%
Hardcore April 13 House show Goldust
65%
Hardcore April 14 House show Goldust
65%
Hardcore April 19 House show Goldust
65%
Hardcore April 20 House show Goldust
65%
Hardcore May 1 House show Goldust
65%
World Tag Team December 15 Armageddon Goldust
65%
Hardcore March 28 Smackdown Raven
64%
Hardcore April 6 House show Raven
64%
Hardcore April 7 House show Raven
64%
Hardcore April 15 Raw Raven
64%
Hardcore April 19 House show Raven
64%
Hardcore April 20 House show Raven
64%
Hardcore May 6 Raw Raven
64%
Hardcore May 25 House show Raven
64%
Hardcore May 26 House show Raven
64%
Hardcore June 2 House show Raven
64%
Hardcore June 22 House show Raven
64%
Hardcore June 30 House show Raven
64%
Hardcore July 26 House show Raven
64%
Hardcore July 27 House show Raven
64%
Hardcore July 28 House show Raven
64%
Hardcore August 17 House show Raven
64%
World Tag Team July 21 Vengeance Lance Storm
63%
Women's November 17 Survivor Series Victoria
63%
Tag Team February 21 Smackdown Chuck
58%
Tag Team June 6 Smackdown Chuck
58%
Women's February 4 Raw Jazz
57%
Hardcore February 7 Smackdown Maven
57%
Hardcore March 14 Smackdown Maven
57%
Hardcore March 17 WrestleMania X8 Maven
57%
Cruiserweight April 4 Smackdown Billy Kidman
54%
Cruiserweight November 17 Survivor Series Billy Kidman
54%
Hardcore June 3 Raw Bradshaw
54%
Hardcore June 22 House show Bradshaw
54%
Hardcore June 28 House show Bradshaw
54%
Hardcore June 29 House show Bradshaw
54%
Hardcore June 30 House show Bradshaw
54%
Hardcore July 6 House show Bradshaw
54%
Hardcore July 7 House show Bradshaw
54%
Hardcore July 12 House show Bradshaw
54%
Hardcore July 13 House show Bradshaw
54%
Hardcore July 14 House show Bradshaw
54%
Hardcore July 15 Raw Bradshaw
54%
Hardcore July 22 Raw Bradshaw
54%
Hardcore July 26 House show Bradshaw
54%
Hardcore July 27 House show Bradshaw
54%
Hardcore July 28 House show Bradshaw
54%
Hardcore August 3 House show Bradshaw
54%
Hardcore August 4 House show Bradshaw
54%
Hardcore August 19 Raw Bradshaw
54%
Cruiserweight April 21 Backlash Tajiri
54%
Tag Team January 7 Raw Tazz
49%
Hardcore March 11 Raw Al Snow
47%
European January 31 Smackdown Diamond Dallas Page
46%
Tag Team May 19 Judgment Day Rikishi
46%
Hardcore April 15 Raw Tommy Dreamer
45%
Hardcore May 1 House show Tommy Dreamer
45%
Hardcore May 25 House show Tommy Dreamer
45%
Hardcore May 26 House show Tommy Dreamer
45%
Hardcore June 2 House show Tommy Dreamer
45%
Hardcore July 29 Raw Tommy Dreamer
45%
Hardcore August 3 House show Tommy Dreamer
45%
Hardcore August 4 House show Tommy Dreamer
45%
Hardcore August 9 House show Tommy Dreamer
45%
Hardcore August 10 House show Tommy Dreamer
45%
Hardcore August 11 House show Tommy Dreamer
45%
Hardcore August 17 House show Tommy Dreamer
45%
Hardcore August 18 House show Tommy Dreamer
45%
Hardcore August 19 Raw Tommy Dreamer
45%
Cruiserweight June 23 King of the Ring Jamie Noble
44%
Tag Team May 19 Judgment Day Rico
33%
Hardcore April 15 Raw Steven Richards
33%
Hardcore April 29 Raw Steven Richards
33%
Hardcore May 1 House show Steven Richards
33%
Hardcore May 2 House show Steven Richards
33%
Hardcore May 2 House show Steven Richards
33%
Hardcore May 3 House show Steven Richards
33%
Hardcore May 4 Insurrextion Steven Richards
33%
Hardcore May 6 Raw Steven Richards
33%
Hardcore May 25 House show Steven Richards
33%
Hardcore May 26 House show Steven Richards
33%
Hardcore May 27 Raw Steven Richards
33%
Hardcore June 2 House show Steven Richards
33%
Hardcore June 28 House show Steven Richards
33%
Hardcore June 29 House show Steven Richards
33%
Hardcore June 30 House show Steven Richards
33%
Hardcore July 6 House show Steven Richards
33%
Hardcore July 7 House show Steven Richards
33%
Hardcore August 9 House show Steven Richards
33%
Hardcore August 10 House show Steven Richards
33%
Hardcore August 11 House show Steven Richards
33%
Hardcore August 18 House show Steven Richards
33%
Hardcore May 2 House show Justin Credible
21%
Hardcore May 6 Raw Justin Credible
21%
Hardcore July 12 House show Justin Credible
21%
Hardcore July 13 House show Justin Credible
21%
Hardcore July 14 House show Justin Credible
21%
Hardcore July 26 House show Justin Credible
21%
Hardcore July 27 House show Justin Credible
21%
Hardcore July 28 House show Justin Credible
21%
Hardcore May 2 House show Shawn Stasiak
17%
Hardcore May 2 House show Shawn Stasiak
17%
Hardcore June 22 House show Shawn Stasiak
17%
Hardcore June 28 House show Shawn Stasiak
17%
Hardcore June 29 House show Shawn Stasiak
17%
Hardcore July 13 House show Shawn Stasiak
17%
Hardcore July 14 House show Shawn Stasiak
17%
Hardcore July 26 House show Shawn Stasiak
17%
Hardcore July 27 House show Shawn Stasiak
17%
Hardcore July 28 House show Shawn Stasiak
17%
Hardcore August 9 House show Shawn Stasiak
17%
Hardcore August 10 House show Shawn Stasiak
17%
Hardcore August 11 House show Shawn Stasiak
17%
Hardcore August 17 House show Shawn Stasiak
17%
Hardcore August 18 House show Shawn Stasiak
17%
Hardcore May 27 Raw Terri
16%
Hardcore July 6 House show Christopher Nowinski
13%
Hardcore July 7 House show Christopher Nowinski
13%
Hardcore July 15 Raw Johnny Stamboli
9%
Hardcore July 22 Raw Johnny Stamboli
9%
Hardcore July 29 Raw Johnny Stamboli
9%
No matching quizzes found
Score Distribution
Percent of People with Each Score
Percentile by Number Answered
Your Score History
You have not taken this quiz